Fragments /

Bibliographic Details
Main Author: Aristophanes
Other Authors: Henderson, Jeffrey, 1946-
Format: Book
Language:English
Greek, Ancient (to 1453)
Language Notes:Parallel text in English and Greek.
Published: Cambridge : Harvard University Press, 2007.
Series:Loeb classical library ; 502.
Online Access:Table of contents only

MARC

Tag First Indicator Second Indicator Subfields
LEADER 00000cam a2200000 a 4500
001 in00002369934
005 20151109042818.0
008 070404s2007 mau 001 0 eng
010 |a  2007014303 
020 |a 9780674996151 (cloth : alk. paper) 
020 |a 0674996151 (cloth : alk. paper) 
035 |a (OCoLC)ocn122701887 
035 |a (OCoLC)122701887 
040 |a DLC  |c DLC  |d BAKER  |d BTCTA  |d C#P  |d YDXCP  |d UtOrBLW 
041 1 |a eng  |a grc  |h grc 
049 |a TXAM 
050 0 0 |a PA3875  |b .A4 2007 
082 0 0 |a 822/.01  |2 22 
100 0 |a Aristophanes. 
245 1 0 |a Fragments /  |c Aristophanes ; edited and translated by Jeffrey Henderson. 
264 1 |a Cambridge :  |b Harvard University Press,  |c 2007. 
300 |a ix, 559 pages ;  |c 20 cm. 
336 |a text  |b txt  |2 rdacontent 
337 |a unmediated  |b n  |2 rdamedia 
338 |a volume  |b nc  |2 rdacarrier 
490 1 |a The Loeb classical library ;  |v 502 
500 |a Includes index. 
505 0 |a Attributed fragments -- Unattributed fragments -- Dubiously attributed fragments. 
504 |a Includes bibliographical references and index. 
546 |a Parallel text in English and Greek. 
700 0 2 |a Aristophanes.  |t Works.  |k Selections.  |l English.  |f 2007. 
700 0 2 |a Aristophanes.  |t Works.  |k Selections.  |l Greek.  |f 2007. 
700 1 |a Henderson, Jeffrey,  |d 1946- 
830 0 |a Loeb classical library ;  |v 502. 
856 4 1 |3 Table of contents only  |u http://www.loc.gov/catdir/toc/ecip0715/2007014303.html  |t 0 
938 |a Baker and Taylor  |b BTCP  |n 2007014303 
938 |a Baker & Taylor  |b BKTY  |c 24.00  |d 24.00  |i 0674996151  |n 0006627304  |s active 
938 |a YBP Library Services  |b YANK  |n 2266839 
945 |a PromptCat  |b 386282 
946 |a stk 
947 |a A14836857903 
994 |a 92  |b TXA 
948 |a cataloged  |b h  |c 2008/4/17  |d c  |e asalazar  |f 11:31:33 am 
999 |a MARS 
999 f f |s fd85883c-a2d2-39f2-90eb-46e89800e8c5  |i 41fc9bd3-22a3-300d-ab82-b57b397bbd9d  |t 0 
952 f f |p ric  |a Texas A&M University  |b Rellis Campus  |c Joint Library Facility  |s JLF  |d Remote Storage  |t 0  |e PA3875 .A4 2007  |h Library of Congress classification  |i unmediated -- volume  |m A14836857903 
998 f f |a PA3875 .A4 2007  |t 0  |l Remote Storage